| 000 | 01232nam a2200241Ia 4500 | ||
|---|---|---|---|
| 999 |
_c5263 _d5263 |
||
| 003 | OSt | ||
| 005 | 20200506134552.0 | ||
| 008 | 191128s2001 ve ao gr 000 0 spa d | ||
| 020 | _a9803401866 | ||
| 040 |
_aCO-JMCR _cCO-JMCR |
||
| 041 | 0 | _aspa | |
| 082 | 0 | 4 |
_a327.098 / _bV458v _223 |
| 110 | 1 |
_aVenezuela. _bCorporación Andina de Fomento _94005 |
|
| 245 | 1 | 0 |
_aVisiones para un futuro sostenible / _cCorporación Andina de Fomento |
| 260 |
_aVenezuela : _bCorporación Andina de Fomento, _c2001 |
||
| 300 |
_a359 páginas : _bfotografías a color ; _c23 cm. |
||
| 505 | 0 | _aLos nuevos roles del Estado y de los actores privados -- Las perspectivas de la integración subregional, regional y hemisférica -- Los dilemas y dificultades del desarrollo sostenible -- La cultura democrática y la ética | |
| 520 | _a¿A qué se debe que América Latina, con su enorme potencial humano y de recursos naturales, no marche a la par con el proceso tecnológico, económico y social que se registra en otras áreas del planeta?. | ||
| 650 | 1 | 4 |
_aDesarrollo sostenible _zAmérica Latina _94006 |
| 650 | 1 | 4 |
_aPolítica ambiental _zAmérica Latina _94007 |
| 650 | 1 | 4 |
_aIntegración económica _zAmérica Latina _94008 |
| 942 |
_2ddc _cBK |
||